La democracia cristiana en América Latina : (Registro nro. 14612)

Detalles MARC
000 -LIDER
fixed length control field 01277nam a2200349 4500
001 - NÚMERO DE CONTROL
Identificador de número de control
003 - IDENTIFICACDOR DE NÚMERO DE CONTROL
control field DO-SdBNP
005 - DATE AND TIME OF LATEST TRANSACTION
control field 20240322072913.0
008 - ELEMENTOS DE LONGITUD FIJA
fixed length control field 160127s2010 mx d spa
015 ## - NÚMERO DENTRO DE LA BIBLIOGRAFÍA NACIONAL
National bibliography number
017 ## - NÚMERO DE REGISTRO DE DERECHOS DE AUTOR
Copyright or legal deposit number
Assigning agency
020 ## - ISBN
International Standard Book Number 9786071601711
035 ## - NÚMERO LOCAL
System control number
040 ## - FUENTE DE CATALOGACIÓN
Agencia que crea de manera original el registro BPMSU
Idioma de catalogación spa
Agencia que realiza la transcripción BPMSU
Convenciones de la despripción
082 #4 - NÚMERO DE CLASIFICACIÓN DECIMAL DE DEWEY
Classification number 321.8098
Item number M227d 2010
Edition number 22
084 ## - OTRO NÚMERO DE CLASIFICACIÓN
Classification number
Number source
245 03 - MENCIÓN DE TITULO
Título La democracia cristiana en América Latina :
Subtítulo conflictos y competencia electoral /
Mención de responsabilidad Scott Mainwaring and Timothy R. Scully (editores) ; traducción de Roberto Reyes Mazzoni.
260 ## - PUBLICACIÓN, DISTRIBUCIÓN, ETC. (PIE DE IMPRENTA)
Lugar de publicación, distribución, etc México :
Nombre del editor, distribuidor, etc. Fondo de Cultura Econonómica,
Fecha de publicación, distribución, etc 2010
300 ## - DESCRIPCIÓN FÍSICA
Extensión 520 p. ;
Dimensiones 23 cm.
Otros detalles físicos
Material complementario
490 0# - MENCIÓN DE SERIES
Mención de serie Política y derecho
500 ## - NOTA GENERAL
Nota general Incluye bibliografías e índice.
504 ## - NOTA DE BIBLIOGRAFÍA, ETC.
Bibliography, etc
534 ## - NOTA SOBRE LA VERSIÓN ORIGINAL
Frase introductoria Título original :
Mención del título original Christian democracy in Latin America : electoral competition and regime conflicts.
590 ## - NOTA LOCAL
Texto de la nota local Inventariado, 2024/VM
650 #4 - ENCABEZAMIENTO DE MATERIA--TEMÁTICO
Término temático o nombre geográfico como elemento de entrada Partidos democráticos cristianos
Subdivisión geográfica América Latina.
Subdivisión temática general
Subdivisión cronológica
650 #4 - ENCABEZAMIENTO DE MATERIA--TEMÁTICO
Término temático o nombre geográfico como elemento de entrada Democracia cristiana
Subdivisión geográfica América Latina.
700 1# - ASIENTO SECUNDARIO -- NOMBRE PERSONAL
Nombre personal Mainwaring, Scott,
Mención de responsabilidad ed
Fechas asociadas con el nombre 1954
700 ## - ASIENTO SECUNDARIO -- NOMBRE PERSONAL
Nombre personal Reyes Mazzoni, Roberto,
Mención de responsabilidad tr.
Fechas asociadas con el nombre 1940-
710 2# - ASIENTO SECUNDARIO -- NOMBRE CORPORATIVO
Nombre corporativo o de jurisdicción Fondo de Cultura Económica (México)
910 ## - VALIDACIÓN
Validación VMateo V. Control de calidad. BPMSU
942 ## - ADDED ENTRY ELEMENTS (KOHA)
Source of classification or shelving scheme Dewey Decimal Classification
Koha item type Libros
Existencias
Withdrawn status Lost status Source of classification or shelving scheme Damaged status Not for loan Collection code Home library Current library Date acquired Source of acquisition Total Checkouts Full call number Barcode Date last seen Price effective from Koha item type
    Dewey Decimal Classification     Colección General Biblioteca Pública Metropolitana Salomé Ureña Biblioteca Pública Metropolitana Salomé Ureña 03/22/2024 Fondo de Cultura Económica   BPMSU CG 321.8098 M227d 2010 BPMSU24030074 03/22/2024 03/22/2024 Libros